| 000 | 01231nam0a22002891 4500 | ||
|---|---|---|---|
| 001 | rc\3052614 | ||
| 005 | 20250806202359.0 | ||
| 035 | _a(NLR Aleph) 007191963 | ||
| 090 |
_a46527 _c46527 |
||
| 100 | _a20111011d1944 u y0rusy50 ca | ||
| 101 | 0 | _arus | |
| 102 | _aRU | ||
| 105 | _aa z ||||| | ||
| 200 | 1 |
_aНаучный отчет Научно-исследовательского института кролиководства _fПод ред. ... И.В. Шапиро и ... Г.А. Палкина |
|
| 210 |
_aМосква _cСельхозгиз _d1944 |
||
| 215 |
_a72 с. _cил. _d22 см |
||
| 225 | 1 |
_a[Научные труды] _fНаркомзем РСФСР. Науч.-исслед. ин-т кролиководства _v[т. 2] |
|
| 702 | 1 |
_aШапиро _bИ.В. _4340 |
|
| 702 | 1 |
_aПалкин _bГ.А. _4340 |
|
| 710 | 0 | 2 |
_aНаучно-исследовательский институт звероводства и кролиководства им. В.А. Афанасьева _cМосква |
| 801 | 0 |
_aRU _bNLR _gpsbo |
|
| 801 | 1 |
_aRU _bELAR _2rusmarc |
|
| 852 |
_aNLR _jП13/958 |
||
| 942 | _cBOOK | ||
| 945 | _aРоссийская национальная библиотека | ||
| 980 | _aNB | ||
| 980 | _aBV | ||